000 00447nam a22001697a 4500
005 20251108164109.0
008 250721s1992 xx 000 0 ara d
082 1 4 _a210/سيد
100 1 _aقطب، سيد
245 1 0 _aالمستقبل لهذا الدين /
250 _aط12.
264 1 _aالقاهرة ، بيروت :
_bدار الشروق،
_c1992.
300 _a96 ص
650 1 7 _aالإسلام
942 _2ddc
_cBK
999 _c3537
_d3537